00441nam a2200157Ia 4500003000900000008004100009020002200050040001600072080001600088100001400104245006300118260004200181300001900223650002200242650001900264IN-BaIIA211028s9999 xx 000 0 eng d a978-81-265-6285-5 cIIA Library a519.68bOMU aOmura, G. 0aMastering Auto CAD 2017 and Auto CAD LT 2017cG.Omura  aIndianapolisbJohn Wiley & Sonsc2016 axxxiii, 1046p. aComputer programs aNASA Thesaurus